| 000 | 00729nam a22001937a 4500 | ||
|---|---|---|---|
| 003 | OSt | ||
| 005 | 20240902094718.0 | ||
| 008 | 240902b ||||| |||| 00| 0 eng d | ||
| 040 | _cAIMIT LIBRARY | ||
| 100 |
_aThomas, Jaison. _e2216071 _9178385 |
||
| 245 |
_aEmployee performance through tailored motivtion with reference to indiana hospital and heart institute / _cBy Jaison Thomas ; Guided by Rowena Wright. |
||
| 260 |
_aMangaluru ; _c2024. |
||
| 650 |
_aLiterature review _9178386 |
||
| 650 |
_aResearch methodology _9178387 |
||
| 650 |
_aData analysis and interpretation _9178388 |
||
| 700 |
_aWright, Rowena. _eGuide _9178389 |
||
| 856 |
_3Indiana hospital and heart Institute _uwww.indianahospital.in |
||
| 942 |
_2ddc _cPRO |
||
| 999 |
_c231682 _d231682 |
||